000 00705nam a2200253 i 4500
001 000040795
003 DO-SdBNP
005 20240316073905.0
007 ta
008 130906s1988 dr 000 0 spa d
020 _z9945111507
040 _aDO-SdBNP
_bspa
_cBNPHU
_erda
082 4 _222
100 1 _aVeloz Maggiolo, Marcio,
_d1936-2021
_eautor
_91104
245 1 0 _aMateria prima /
_cMarcio Veloz Maggiolo
264 _aSanto Domingo :
_bAlfaguara,
_c1988.
300 _a302 páginas ;
_c23 cm.
336 _2rdacontent
_atexto
_btxt
337 _2rdamedia
_asin mediación
_bn
338 _2rdacarrier
_avolumen
_bnc
590 _aInventariado, 2022/BT
910 _aBtavárez
942 _2ddc
_cLBS1
999 _c40285
_d40285